000 00548nam a2200193 i 4500
001 185844
003 ES-MaACL
005 20230906222529.0
008 160816s1964 sp |||| | baq d
080 _a821.361-14"19"(082.2)
245 0 0 _aEtorkia.
260 _aBilbao :
_b[s.n.],
_c1964 (
_fGraf. Bilbao)
300 _a136 p. ;
_c18 cm.
490 1 _aColección Olerti, 1964 ;
_v1-2
650 0 4 _aPoesías vascas-
_yS.XX.
_916251
830 0 _aColección Olerti, 1964 ;
_v1-2
_9192415
852 _aES-MaACL
_jE-5084
999 _c185844
_d185844